<?xml version="1.0" encoding="UTF-8"?>
<record
    xmlns:xsi="http://www.w3.org/2001/XMLSchema-instance"
    xsi:schemaLocation="http://www.loc.gov/MARC21/slim http://www.loc.gov/standards/marcxml/schema/MARC21slim.xsd"
    xmlns="http://www.loc.gov/MARC21/slim">

  <leader>03331nam a2200325 i 4500</leader>
  <controlfield tag="001">990220772750107026</controlfield>
  <controlfield tag="003">UkOxU</controlfield>
  <controlfield tag="005">20260128111201.0</controlfield>
  <controlfield tag="008">201119s2020    enk      b    000 0 eng c</controlfield>
  <datafield tag="015" ind1=" " ind2=" ">
    <subfield code="a">GBC0I7053</subfield>
    <subfield code="2">bnb</subfield>
  </datafield>
  <datafield tag="020" ind1=" " ind2=" ">
    <subfield code="a">9781785043543</subfield>
  </datafield>
  <datafield tag="035" ind1=" " ind2=" ">
    <subfield code="a">(UkOxU)022077275</subfield>
  </datafield>
  <datafield tag="035" ind1=" " ind2=" ">
    <subfield code="a">(UkOxU)022077275BIB01</subfield>
  </datafield>
  <datafield tag="035" ind1=" " ind2=" ">
    <subfield code="a">(StEdNL)99115984425604341</subfield>
  </datafield>
  <datafield tag="035" ind1=" " ind2=" ">
    <subfield code="a">(Uk)019975729</subfield>
  </datafield>
  <datafield tag="040" ind1=" " ind2=" ">
    <subfield code="a">UK-WkNB</subfield>
    <subfield code="b">eng</subfield>
    <subfield code="e">rda</subfield>
    <subfield code="c">UK-WkNB</subfield>
    <subfield code="d">StEdNL</subfield>
  </datafield>
  <datafield tag="041" ind1=" " ind2=" ">
    <subfield code="a">EN</subfield>
  </datafield>
  <datafield tag="042" ind1=" " ind2=" ">
    <subfield code="a">ukscp</subfield>
  </datafield>
  <datafield tag="100" ind1=" " ind2=" ">
    <subfield code="a">Brown, Bren&#xE9;</subfield>
    <subfield code="e">author.</subfield>
    <subfield code="9">25972</subfield>
  </datafield>
  <datafield tag="245" ind1="1" ind2="4">
    <subfield code="a">The gifts of imperfection </subfield>
    <subfield code="c">/ Bren&#xE9; Brown</subfield>
  </datafield>
  <datafield tag="250" ind1=" " ind2=" ">
    <subfield code="a">10th anniversary edition.</subfield>
  </datafield>
  <datafield tag="264" ind1=" " ind2="1">
    <subfield code="a">London :</subfield>
    <subfield code="b">Vermilion,</subfield>
    <subfield code="c">2020.</subfield>
  </datafield>
  <datafield tag="300" ind1=" " ind2=" ">
    <subfield code="a">xxix, 176 pages ;</subfield>
    <subfield code="c">23 cm</subfield>
  </datafield>
  <datafield tag="504" ind1=" " ind2=" ">
    <subfield code="a">Includes bibliographical references (pages 171-176).</subfield>
  </datafield>
  <datafield tag="505" ind1=" " ind2=" ">
    <subfield code="a">Introduction: Wholehearted Living &#x2014;

Cultivating Authenticity &#x2014; Letting Go of What People Think &#x2014;

Cultivating Self-Compassion &#x2014; Letting Go of Perfectionism &#x2014;

Cultivating a Resilient Spirit &#x2014; Letting Go of Numbing and Powerlessness &#x2014;

Cultivating Gratitude and Joy &#x2014; Letting Go of Scarcity and Fear of the Dark &#x2014;

Cultivating Intuition and Trusting Faith &#x2014; Letting Go of the Need for Certainty &#x2014;

Cultivating Creativity &#x2014; Letting Go of Comparison &#x2014;

Cultivating Play and Rest &#x2014; Letting Go of Exhaustion as a Status Symbol and Productivity as Self-Worth &#x2014;

Cultivating Calm and Stillness &#x2014; Letting Go of Anxiety as a Lifestyle &#x2014;

Cultivating Meaningful Work &#x2014; Letting Go of Self-Doubt and &#x201C;Supposed To&#x201D; &#x2014;

Cultivating Laughter, Song, and Dance &#x2014; Letting Go of Being Cool and &#x201C;Always in Control&#x201D; &#x2014;

Conclusion: Living a Wholehearted Life.</subfield>
  </datafield>
  <datafield tag="520" ind1=" " ind2=" ">
    <subfield code="a">This book is an invitation to take part in a wholehearted revolution. A small, quiet, grassroots movement that begins when each of us chooses to say, &#x201C;My story matters, because I matter.&#x201D; The word revolution may sound dramatic, but in a world like ours, choosing authenticity and a sense of worth is a genuine act of resistance.

For more than a decade, Bren&#xE9; Brown has held a special place in readers&#x2019; hearts as both a thoughtful social scientist and a warm, kitchen-table companion. She is someone you can rely on to tell the truth, make you laugh, and, at times, sit with you in moments of vulnerability.

What has since grown into a global movement began with The Gifts of Imperfection, which has sold over two million copies and been translated into thirty-five languages worldwide.

What lifts this book beyond inspiring words on a page are its ten guideposts to wholehearted living. These include practices such as authenticity, resilience, creativity, letting go of comparison, and meaningful rest. Together, they help us recognise not only what can truly change our lives and relationships, but also the unrealistic and self-defeating expectations that so often hold us back.

Written in Brown&#x2019;s distinctive blend of rigorous research, personal storytelling, and disarming honesty, and featuring a new foreword alongside practical new tools, The Gifts of Imperfection remains a quietly powerful bestseller &#x2014; one that continues to help readers live the lives they genuinely want to lead.</subfield>
  </datafield>
  <datafield tag="650" ind1=" " ind2="0">
    <subfield code="a">Self-acceptance</subfield>
    <subfield code="9">12625</subfield>
  </datafield>
  <datafield tag="650" ind1=" " ind2="0">
    <subfield code="a">Self-esteem</subfield>
    <subfield code="9">8844</subfield>
  </datafield>
  <datafield tag="942" ind1=" " ind2=" ">
    <subfield code="2">lcc</subfield>
  </datafield>
  <datafield tag="952" ind1=" " ind2=" ">
    <subfield code="0">0</subfield>
    <subfield code="1">0</subfield>
    <subfield code="2">lcc</subfield>
    <subfield code="4">0</subfield>
    <subfield code="7">0</subfield>
    <subfield code="a">TBS</subfield>
    <subfield code="b">TBS</subfield>
    <subfield code="d">2026-01-28</subfield>
    <subfield code="l">0</subfield>
    <subfield code="o">BF575.S46 BRO</subfield>
    <subfield code="r">2026-01-28</subfield>
    <subfield code="t">1</subfield>
    <subfield code="w">2026-01-28</subfield>
    <subfield code="y">1</subfield>
    <subfield code="z">SOON AVAILABLE</subfield>
  </datafield>
  <datafield tag="999" ind1=" " ind2=" ">
    <subfield code="c">5308</subfield>
    <subfield code="d">5308</subfield>
  </datafield>
</record>
